000 00316nam a2200133Ia 4500
100 _aVerma/A.R/ Srivastava/O.N
942 _cBK
654 _acrystallography
245 _aCrystallography for solid state physics
260 _bJohn wiley
_aNEWYORK
_c1982
082 _a548
_bVER
300 _a348
546 _aENGLISH
999 _c31194
_d31194